[Event "Int. Stuttgarter Stadtmeisterschaft B"]
[Site "Ditzingen"]
[Date "2012.05.19"]
[Round "6.22"]
[White "Schmitz, Harald"]
[Black "Gomer, Dieter"]
[Result "1/2-1/2"]
[WhiteElo "1733"]
[BlackElo "1565"]
[PlyCount "173"]
[EventDate "2012.??.??"]

1. e4 e5 2. Nf3 Nc6 3. Bc4 Nf6 4. Ng5 d5 5. exd5 Na5 6. Bb5+ Bd7 7. Bxd7+ Qxd7
8. O-O h6 9. Nf3 e4 10. Nd4 Qxd5 11. Nb3 Nxb3 12. axb3 Bd6 13. Nc3 Qe5 14. g3
O-O 15. d4 Qe6 16. Kg2 h5 17. Bg5 Nh7 18. Qxh5 Qf5 19. h4 f6 20. Rae1 fxg5 21.
Nxe4 gxh4 22. Qxh4 Qf3+ 23. Kg1 Rf5 24. Re3 Qh5 25. Qxh5 Rxh5 26. Nxd6 cxd6 27.
Re7 Rb8 28. Rfe1 Nf6 29. Rc7 Rh7 30. Ree7 g5 31. Rxh7 Nxh7 32. Rd7 Nf6 33. Rxd6
Kf7 34. d5 Re8 35. Kf1 Ne4 36. Rd7+ Re7 37. Rd8 Nf6 38. c4 Rd7 39. Rc8 Ke7 40.
f3 Kd6 41. b4 Rc7 42. Rf8 Ke5 43. f4+ gxf4 44. gxf4+ Kf5 45. c5 Rd7 46. d6 a6
47. Kf2 Ke6 48. Kf3 Nd5 49. Ke4 Nf6+ 50. Kf3 Rh7 51. Rb8 Kd5 52. Rc8 Kc4 53.
Rc7 Nd7 54. Kf2 Kxb4 55. c6 bxc6 56. Rxc6 a5 57. Rc7 Kb5 58. Kg3 Kb6 59. Kg4
Rf7 60. Kg5 a4 61. Kg6 Rf6+ 62. Kg5 Rxd6 63. Rc2 Rc6 64. Rd2 Nc5 65. Re2 Ne6+
66. Kg4 Nxf4 67. Kxf4 Kb5 68. Ke4 Kb4 69. Kd3 Kb3 70. Rh2 Ka2 71. Rh4 Kb3 72.
Rh2 Rd6+ 73. Ke3 Rd1 74. Ke2 Rb1 75. Rh6 Kxb2 76. Rb6+ Ka2 77. Ra6 a3 78. Kd2
Kb2 79. Rb6+ Ka1 80. Ra6 a2 81. Kc2 Rb2+ 82. Kc1 Rb5 83. Rc6 Rh5 84. Kc2 Rh1
85. Rc8 Rb1 86. Ra8 Rb6 87. Rc8 1/2-1/2

[Event "Int. Stuttgarter Stadtmeisterschaft B"]
[Site "Ditzingen"]
[Date "2012.05.19"]
[Round "6.23"]
[White "Weber, Sandra"]
[Black "Muench, Werner"]
[Result "1/2-1/2"]
[WhiteElo "1617"]
[BlackElo "1862"]
[PlyCount "54"]
[EventDate "2012.??.??"]

1. e4 c5 2. Nf3 Nc6 3. d4 cxd4 4. Nxd4 Nf6 5. Nc3 e6 6. Be2 Bb4 7. Bf3 d5 8.
exd5 Nxd5 9. Nde2 O-O 10. Bd2 Ne5 11. Bxd5 exd5 12. O-O Be6 13. Nd4 Nc4 14. Qc1
Nxd2 15. Qxd2 Rc8 16. Rfe1 Qd7 17. Qd3 Rfe8 18. a3 Bc5 19. Nce2 f6 20. c3 Bf7
21. Nf4 Bxd4 22. cxd4 Qd6 23. Qd2 Bg6 24. Nxg6 hxg6 25. Rxe8+ Rxe8 26. Re1
Rxe1+ 27. Qxe1 Qb6 1/2-1/2

[Event "Int. Stuttgarter Stadtmeisterschaft B"]
[Site "Ditzingen"]
[Date "2012.05.19"]
[Round "6.24"]
[White "Stoll, Katja"]
[Black "Ellinger, Harald"]
[Result "1-0"]
[WhiteElo "1645"]
[BlackElo "1854"]
[PlyCount "69"]
[EventDate "2012.??.??"]

1. e4 c5 2. Nf3 d6 3. d4 cxd4 4. Nxd4 Nf6 5. Nc3 g6 6. f3 h5 7. Be3 Bg7 8. Qd2
Nc6 9. h3 a6 10. Rg1 Nxd4 11. Bxd4 Be6 12. O-O-O Qa5 13. a3 Rc8 14. g4 hxg4 15.
hxg4 Bc4 16. g5 Nh5 17. Bxg7 Nxg7 18. Bxc4 Rxc4 19. Rh1 Rxh1 20. Rxh1 Ne6 21.
f4 Nd4 22. Qd3 b5 23. Rh8+ Kd7 24. Qh3+ e6 25. Qh7 Rc7 26. Qxf7+ Kc6 27. Qe8+
Kb6 28. Qb8+ Kc6 29. Qa8+ Kb6 30. Rb8+ Kc5 31. b4+ Kc4 32. bxa5 Kxc3 33. Rc8
Rc5 34. Rxc5+ dxc5 35. Qxa6 1-0

[Event "Int. Stuttgarter Stadtmeisterschaft B"]
[Site "Ditzingen"]
[Date "2012.05.19"]
[Round "6.25"]
[White "Groeger, Michael"]
[Black "Michna, Marcus"]
[Result "1/2-1/2"]
[WhiteElo "1635"]
[BlackElo "1843"]
[PlyCount "39"]
[EventDate "2012.??.??"]

1. e4 c5 2. Nf3 Nc6 3. d4 cxd4 4. Nxd4 Qb6 5. Nxc6 bxc6 6. Bc4 e6 7. a3 d5 8.
exd5 cxd5 9. Be2 Nf6 10. O-O Be7 11. c4 O-O 12. b4 dxc4 13. Bxc4 Rd8 14. Qb3
Bb7 15. Be2 Rac8 16. Be3 Qc7 17. Nd2 Qc2 18. Qxc2 Rxc2 19. Bf3 Ba6 20. Rfd1
1/2-1/2

[Event "Int. Stuttgarter Stadtmeisterschaft B"]
[Site "Ditzingen"]
[Date "2012.05.19"]
[Round "6.26"]
[White "Rieder, Josef"]
[Black "Piskaykin, Bogdan"]
[Result "0-1"]
[WhiteElo "1824"]
[BlackElo "1560"]
[PlyCount "110"]
[EventDate "2012.??.??"]

1. e4 c5 2. Nf3 d6 3. c3 Nf6 4. Be2 e6 5. O-O Be7 6. Qc2 Qc7 7. Na3 a6 8. Nc4
b5 9. Ne3 Bb7 10. d3 Nbd7 11. b3 O-O 12. c4 b4 13. Bb2 Ne5 14. Nd2 Rfd8 15. f4
Nc6 16. Nf3 d5 17. e5 Ne8 18. cxd5 exd5 19. Nf5 Rac8 20. Nxe7+ Nxe7 21. Rac1 d4
22. Nd2 Nd5 23. Nc4 Nc3 24. Bg4 Ra8 25. a3 a5 26. a4 Ra6 27. f5 Rh6 28. h3 Bd5
29. Rce1 Bxc4 30. bxc4 Rb6 31. e6 Nf6 32. exf7+ Qxf7 33. Re6 Nxg4 34. Rxb6 Ne3
35. Qf2 Nxa4 36. Rc6 Nxf1 37. Qh4 Rf8 38. f6 Nxb2 39. Kxf1 Qg6 40. Kg1 Nxd3 41.
Kh2 Rxf6 42. Rc8+ Rf8 43. Rxf8+ Kxf8 44. Qd8+ Qe8 45. Qxa5 Qe5+ 46. Kg1 Qe3+
47. Kh2 Qf4+ 48. Kg1 Qb8 49. Qa6 b3 50. Qe6 Ne5 51. Qf5+ Kg8 52. Qe6+ Kh8 53.
Qf5 d3 54. Qf1 b2 55. Qb1 d2 0-1

[Event "Int. Stuttgarter Stadtmeisterschaft B"]
[Site "Ditzingen"]
[Date "2012.05.19"]
[Round "6.27"]
[White "Schmidt, Bernd"]
[Black "Ruff, Robert"]
[Result "1/2-1/2"]
[WhiteElo "1601"]
[BlackElo "1799"]
[PlyCount "139"]
[EventDate "2012.??.??"]

1. d4 d5 2. Bf4 Nf6 3. e3 c5 4. Nf3 Nc6 5. c3 Qb6 6. Qb3 c4 7. Qxb6 axb6 8.
Nbd2 Bf5 9. Be2 e6 10. Nh4 Bg6 11. Nxg6 hxg6 12. h3 Kd7 13. Nf3 Be7 14. Ng5
Rhf8 15. O-O b5 16. b3 Ba3 17. Rfb1 Ra7 18. bxc4 bxc4 19. Rb6 Ke7 20. Rab1 Na5
21. Bf3 Nd7 22. Nxe6 fxe6 23. Bg5+ Nf6 24. e4 Kf7 25. Bxf6 gxf6 26. exd5 exd5
27. Bxd5+ Kg7 28. Re1 Rd8 29. Bf3 Rd7 30. Ree6 Be7 31. Bg4 Kf7 32. Rxf6+ Bxf6
33. Bxd7 Ra6 34. Rb2 Bg5 35. Bc8 Ra7 36. f4 Bd8 37. f5 b6 38. fxg6+ Kxg6 39. g4
Nb7 40. Re2 Kf7 41. Be6+ Kf8 42. Bxc4 Nd6 43. Bb3 Re7 44. Rf2+ Kg7 45. c4 Ne4
46. Re2 Ng5 47. Rxe7+ Bxe7 48. Kg2 Bf6 49. d5 Be7 50. Bc2 Nf7 51. Kg3 Ne5 52.
Bb3 Bd6 53. Kf4 Nd7+ 54. Kf5 Nc5 55. h4 Bg3 56. h5 Kh6 57. Bd1 Bh4 58. Ke5 Bg3+
59. Kf6 Bh4+ 60. Kf7 Kh7 61. d6 Bg5 62. Bc2+ Kh8 63. Ke8 Kg7 64. d7 Nb7 65.
d8=Q Nxd8 66. Kd7 Nf7 67. Kc6 Be3 68. Kd5 Kf6 69. Bf5 Ne5 70. Bc8 1/2-1/2

[Event "Int. Stuttgarter Stadtmeisterschaft B"]
[Site "Ditzingen"]
[Date "2012.05.19"]
[Round "6.28"]
[White "Weis, Olga"]
[Black "Zaytsev, Evgeny"]
[Result "0-1"]
[WhiteElo "1583"]
[BlackElo "1768"]
[PlyCount "42"]
[EventDate "2012.??.??"]

1. e4 e5 2. Nf3 Nc6 3. Bc4 Nf6 4. Ng5 d5 5. exd5 Na5 6. Bb5+ c6 7. dxc6 bxc6 8.
Be2 h6 9. Nf3 e4 10. Ne5 Bc5 11. c3 Bd6 12. Nc4 Nxc4 13. Bxc4 O-O 14. O-O Bxh2+
15. Kxh2 Ng4+ 16. Kg1 Qh4 17. Re1 Qxf2+ 18. Kh1 Qh4+ 19. Kg1 Qh2+ 20. Kf1 Qh1+
21. Ke2 Qxg2# 0-1

[Event "Int. Stuttgarter Stadtmeisterschaft B"]
[Site "Ditzingen"]
[Date "2012.05.19"]
[Round "6.29"]
[White "Shankar, Ajay"]
[Black "Wenzel, Ulrich"]
[Result "1/2-1/2"]
[WhiteElo "1554"]
[BlackElo "1746"]
[PlyCount "47"]
[EventDate "2012.??.??"]

1. d4 Nf6 2. c4 e6 3. Nc3 Bb4 4. Bg5 c5 5. e3 d6 6. Nf3 Nc6 7. Bd3 Bxc3+ 8.
bxc3 b6 9. Qa4 Qd7 10. d5 Na5 11. Qxd7+ Bxd7 12. O-O e5 13. Nd2 h6 14. Bxf6
gxf6 15. f4 Ke7 16. fxe5 fxe5 17. Ne4 f5 18. Ng3 e4 19. Be2 Raf8 20. Rf4 Rf6
21. Raf1 Rhf8 22. Nxe4 fxe4 23. Rxe4+ Kd8 24. h3 1/2-1/2

[Event "Int. Stuttgarter Stadtmeisterschaft B"]
[Site "Ditzingen"]
[Date "2012.05.19"]
[Round "6.30"]
[White "Notz, Lukas"]
[Black "Triantafillidis, Zoe"]
[Result "1/2-1/2"]
[WhiteElo "1739"]
[BlackElo "1691"]
[PlyCount "33"]
[EventDate "2012.??.??"]

1. d4 d5 2. Bf4 Nf6 3. e3 e6 4. Nf3 Bd6 5. Ne5 Nbd7 6. Nd2 Nb6 7. c3 O-O 8. Bd3
Nfd7 9. h4 f6 10. Qh5 f5 11. Qe2 Nf6 12. f3 Nh5 13. O-O-O Nxf4 14. exf4 c5 15.
dxc5 Bxc5 16. Nb3 Qc7 17. Kb1 1/2-1/2

[Event "Int. Stuttgarter Stadtmeisterschaft B"]
[Site "Ditzingen"]
[Date "2012.05.19"]
[Round "6.31"]
[White "Haro, Niel"]
[Black "Hornung, Richard"]
[Result "1/2-1/2"]
[WhiteElo "1528"]
[BlackElo "1738"]
[PlyCount "130"]
[EventDate "2012.??.??"]

1. d4 d5 2. c4 c6 3. e3 Nf6 4. Nc3 g6 5. Qc2 Bg7 6. Bd3 O-O 7. Nge2 a5 8. a4
Na6 9. Na2 dxc4 10. Bxc4 Bf5 11. Bd3 Be6 12. b3 Nd5 13. Bd2 Qb6 14. Bc4 Bf5 15.
e4 Nab4 16. Qb1 Nxa2 17. exf5 Nab4 18. fxg6 hxg6 19. Qb2 e6 20. O-O c5 21. Be3
Nxe3 22. fxe3 cxd4 23. exd4 Rad8 24. Rad1 Nc6 25. Rf4 e5 26. Rg4 Nxd4 27. Kh1
Nxe2 28. Qxe2 Rxd1+ 29. Qxd1 Rd8 30. Qf3 Rd7 31. h3 Qd6 32. Qe4 Kf8 33. Rg3 Bh6
34. Rd3 Qe7 35. Rf3 Rd1+ 36. Kh2 Bf4+ 37. g3 Qc5 38. Rf1 Rxf1 39. Bxf1 Qf2+ 40.
Qg2 Bxg3+ 41. Kh1 Qxg2+ 42. Kxg2 Bf4 43. Kf3 Ke7 44. Bc4 g5 45. Bd5 b6 46. Ke4
f6 47. Kf5 Kd6 48. Bf3 Kc5 49. Kxf6 Kb4 50. Bd5 Kc5 51. Bf3 b5 52. axb5 Kxb5
53. Kf5 Kc5 54. Ke4 Kb4 55. Bd1 Kc3 56. Kd5 Kd3 57. Bf3 Kc3 58. Bd1 Kd2 59. Bf3
Ke3 60. Bg2 Kf2 61. Be4 Kg3 62. Bf5 Kf3 63. Be4+ Ke3 64. Bf5 Kd2 65. Kc4 Be3
1/2-1/2

[Event "Int. Stuttgarter Stadtmeisterschaft B"]
[Site "Ditzingen"]
[Date "2012.05.19"]
[Round "6.32"]
[White "Wübbens, Carsten"]
[Black "Hupfer, Garlef"]
[Result "0-1"]
[WhiteElo "1415"]
[BlackElo "1685"]
[PlyCount "120"]
[EventDate "2012.??.??"]

1. d4 Nf6 2. c4 e6 3. Nc3 Bb4 4. Nf3 Bxc3+ 5. bxc3 d6 6. Bg5 Nbd7 7. e3 h6 8.
Bh4 b6 9. Be2 Bb7 10. O-O O-O 11. Re1 Qe8 12. Bd3 e5 13. e4 Kh8 14. Qd2 Nh7 15.
h3 f6 16. Qe3 Qf7 17. Bg3 Ba6 18. Nd2 Rg8 19. Nb3 Bxc4 20. Bxc4 Qxc4 21. d5 Nc5
22. Nxc5 bxc5 23. f3 Rab8 24. Rec1 Rb2 25. Qe1 Rgb8 26. Rcb1 Nf8 27. Qc1 Qe2
28. Rxb2 Rxb2 29. Qf1 Qxf1+ 30. Kxf1 Nd7 31. Be1 Kh7 32. a4 Kg6 33. a5 f5 34.
exf5+ Kxf5 35. Ra4 Nf6 36. g4+ Kg6 37. c4 Kg5 38. Bg3 h5 39. h4+ Kg6 40. g5 Nd7
41. Bf2 Kf5 42. Be1 g6 43. Ra3 Nb8 44. Rd3 Na6 45. Rd2 Rxd2 46. Bxd2 Nb4 47.
Ke2 a6 48. Ke3 Nc2+ 49. Kd3 Nd4 50. Ke3 c6 51. dxc6 Nxc6 52. Bc3 Nd4 53. Bd2
Ne6 54. Bc1 Nd8 55. Bd2 Nc6 56. Kd3 e4+ 57. Ke3 exf3 58. Kxf3 Ne5+ 59. Ke2 Nxc4
60. Be1 Ke4 0-1

[Event "Int. Stuttgarter Stadtmeisterschaft B"]
[Site "Ditzingen"]
[Date "2012.05.19"]
[Round "6.33"]
[White "Sieweck, Theodor"]
[Black "Krämer, Heinz"]
[Result "0-1"]
[WhiteElo "1411"]
[BlackElo "1699"]
[PlyCount "40"]
[EventDate "2012.??.??"]

1. e4 e5 2. Nf3 Nc6 3. Bc4 Nf6 4. Ng5 d5 5. exd5 Na5 6. Bb5+ c6 7. dxc6 bxc6 8.
Be2 h6 9. Nf3 e4 10. Ne5 Bd6 11. Nc4 Nxc4 12. Bxc4 Qc7 13. h3 O-O 14. O-O Bf5
15. Nc3 Rad8 16. b3 Qc8 17. Bb2 Bxh3 18. gxh3 Qxh3 19. Re1 Bh2+ 20. Kh1 Bg3+
0-1

[Event "Int. Stuttgarter Stadtmeisterschaft B"]
[Site "Ditzingen"]
[Date "2012.05.19"]
[Round "6.34"]
[White "Greth, Andreas"]
[Black "Grotheer, Olaf"]
[Result "0-1"]
[WhiteElo "1388"]
[BlackElo "1815"]
[PlyCount "56"]
[EventDate "2012.??.??"]

1. e4 e5 2. Nf3 Nc6 3. d4 exd4 4. Bc4 d6 5. O-O Be7 6. Ng5 Ne5 7. Qxd4 Bf6 8.
Kh1 Nxc4 9. Qxc4 Bxg5 10. Bxg5 Qxg5 11. e5 Qe7 12. exd6 cxd6 13. Nc3 Be6 14.
Nd5 Bxd5 15. Qxd5 Nf6 16. Qb5+ Qd7 17. Rfe1+ Kd8 18. Qa5+ b6 19. Qg5 Rg8 20.
Re3 h6 21. Qh4 Qg4 22. Qg3 Qxg3 23. hxg3 Re8 24. Rd3 Kc7 25. Rad1 Rad8 26. Ra3
Kb7 27. Rf3 Rd7 28. Rd2 Ng4 0-1

[Event "Int. Stuttgarter Stadtmeisterschaft B"]
[Site "Ditzingen"]
[Date "2012.05.19"]
[Round "6.35"]
[White "Pocrnic, Josip"]
[Black "Schreiber, Winfried"]
[Result "1-0"]
[WhiteElo "1855"]
[BlackElo "1628"]
[PlyCount "95"]
[EventDate "2012.??.??"]

1. e4 c5 2. Nf3 Nc6 3. Nc3 a6 4. d4 cxd4 5. Nxd4 Qc7 6. Be3 Nf6 7. f3 e5 8.
Nxc6 dxc6 9. a3 b6 10. Qd2 Bb7 11. Qf2 c5 12. Rd1 Be7 13. Bc4 O-O 14. O-O Rad8
15. g4 h6 16. Kg2 Nh7 17. Nd5 Bxd5 18. Bxd5 Nf6 19. c4 Rd6 20. b3 Nh7 21. h3
Bg5 22. Bxg5 Nxg5 23. f4 exf4 24. Qxf4 Qe7 25. a4 Rf6 26. Qe3 Rxf1 27. Rxf1 Kh8
28. h4 Ne6 29. Kh3 f6 30. b4 a5 31. bxc5 bxc5 32. Rb1 Nd4 33. Rb7 Qe5 34. Qg3
Qxg3+ 35. Kxg3 Ne2+ 36. Kf3 Nc3 37. Ra7 Nxa4 38. Rxa5 Nc3 39. Rxc5 Nxd5 40.
cxd5 Rd8 41. Rc7 Rd6 42. h5 Rd8 43. Kf4 Rd6 44. Kf5 Kh7 45. Rc6 Rd8 46. d6 Rd7
47. Ke6 Ra7 48. d7 1-0

[Event "Int. Stuttgarter Stadtmeisterschaft B"]
[Site "Ditzingen"]
[Date "2012.05.19"]
[Round "6.36"]
[White "Strauss, Martin"]
[Black "Trobonjaca, Milos"]
[Result "1-0"]
[WhiteElo "1811"]
[BlackElo "1617"]
[PlyCount "63"]
[EventDate "2012.??.??"]

1. e4 c5 2. Nf3 Nc6 3. d4 cxd4 4. Nxd4 Nxd4 5. Qxd4 Nf6 6. e5 Ng8 7. Nc3 e6 8.
Ne4 Qb6 9. Qxb6 axb6 10. Be3 Ra5 11. f4 Bc5 12. Bxc5 bxc5 13. Nd6+ Kf8 14. Nxc8
Ra4 15. O-O-O Rxa2 16. Rxd7 Ra1+ 17. Kd2 g6 18. Rxb7 Kg7 19. Nd6 Nh6 20. g3 Rd8
21. Bg2 Ra4 22. c3 Rf8 23. Bf3 Ra5 24. g4 Ra4 25. Ne4 Rc8 26. h3 Rd8+ 27. Kc2
Rc8 28. Rd1 Ra5 29. Rdd7 Ra1 30. g5 Nf5 31. Rxf7+ Kg8 32. Nf6+ 1-0

[Event "Int. Stuttgarter Stadtmeisterschaft B"]
[Site "Ditzingen"]
[Date "2012.05.19"]
[Round "6.37"]
[White "Mayer, Dietmar"]
[Black "Dirks, Alexander"]
[Result "1/2-1/2"]
[WhiteElo "1785"]
[BlackElo "1518"]
[PlyCount "34"]
[EventDate "2012.??.??"]

1. d4 Nf6 2. Nf3 g6 3. Nc3 d5 4. Bf4 c6 5. e3 Bg7 6. Be2 Nbd7 7. Ne5 O-O 8. h4
Nxe5 9. Bxe5 Nd7 10. Bxg7 Kxg7 11. f4 f5 12. h5 Nf6 13. Qd3 b5 14. Nd1 Ne4 15.
Nf2 a5 16. g4 b4 17. Qd1 Qb6 1/2-1/2

[Event "Int. Stuttgarter Stadtmeisterschaft B"]
[Site "Ditzingen"]
[Date "2012.05.19"]
[Round "6.38"]
[White "Graf, Maximilian"]
[Black "Hennig, Jan"]
[Result "1/2-1/2"]
[WhiteElo "1629"]
[BlackElo "1753"]
[PlyCount "51"]
[EventDate "2012.??.??"]

1. e4 d6 2. d4 Nf6 3. Nc3 g6 4. h3 Bg7 5. Be3 O-O 6. Nf3 Nbd7 7. Bc4 c5 8. e5
cxd4 9. exf6 dxe3 10. fxg7 exf2+ 11. Kxf2 Kxg7 12. Re1 Nf6 13. Nd5 Nxd5 14.
Qxd5 e6 15. Qd4+ Kg8 16. Rad1 d5 17. Bb3 b5 18. Kg1 Qb6 19. Qxb6 axb6 20. Rd4
Bd7 21. Rb4 Rfd8 22. Ne5 Ra5 23. Nxd7 Rxd7 24. a4 bxa4 25. Rxa4 Rc5 26. Rd4
1/2-1/2

[Event "Int. Stuttgarter Stadtmeisterschaft B"]
[Site "Ditzingen"]
[Date "2012.05.19"]
[Round "6.39"]
[White "Krebs, Thomas"]
[Black "Prinz, Philipp"]
[Result "0-1"]
[WhiteElo "1626"]
[BlackElo "1741"]
[PlyCount "52"]
[EventDate "2012.??.??"]

1. c4 Nf6 2. Nf3 g6 3. g3 Bg7 4. Nc3 O-O 5. Bg2 d6 6. O-O c5 7. d3 Nc6 8. Re1
h6 9. a3 a5 10. Rb1 Ne8 11. Bd2 e5 12. e4 Kh7 13. Qc1 f5 14. Nd5 g5 15. Bc3 f4
16. h4 g4 17. Nd2 f3 18. Bf1 Nd4 19. Bxd4 exd4 20. b4 axb4 21. axb4 Be5 22. Rd1
b6 23. bxc5 bxc5 24. Rb6 Nf6 25. Qb2 Nh5 26. Kh2 Qxh4+ 0-1

[Event "Int. Stuttgarter Stadtmeisterschaft B"]
[Site "Ditzingen"]
[Date "2012.05.19"]
[Round "6.40"]
[White "Schreiber, Stephan"]
[Black "Zeitler, Waldemar"]
[Result "1/2-1/2"]
[WhiteElo "1708"]
[BlackElo "1596"]
[PlyCount "162"]
[EventDate "2012.??.??"]

1. d4 d5 2. Bf4 e6 3. e3 Bd6 4. Bxd6 Qxd6 5. c3 Ne7 6. Bd3 f5 7. Nf3 Nd7 8.
Nbd2 c5 9. O-O c4 10. Bc2 O-O 11. Re1 Nf6 12. Ne5 Bd7 13. Ndf3 Be8 14. b3 b5
15. bxc4 bxc4 16. Ba4 Bh5 17. Qc2 Rfb8 18. Reb1 h6 19. Rxb8+ Rxb8 20. Nd2 Rb6
21. Ndxc4 dxc4 22. Nxc4 Qc7 23. Nxb6 axb6 24. h3 Bg6 25. Qb3 Bf7 26. c4 Ne4 27.
Qb4 Nc8 28. Rc1 f4 29. Bc2 Nf6 30. e4 e5 31. d5 Nd6 32. f3 Qc5+ 33. Qxc5 bxc5
34. Bd3 Be8 35. Rb1 Kf8 36. Rb8 Nd7 37. Ra8 Nb6 38. Ra5 Nbxc4 39. Rxc5 Na3 40.
Ra5 Ndb5 41. Kf2 Ke7 42. Ke1 Kd6 43. Kd2 Kc5 44. Ra8 Bh5 45. Rf8 g6 46. Rh8
Nc4+ 47. Bxc4 Kxc4 48. Rxh6 Nd4 49. Rh8 Nb5 50. Rc8+ Kd4 51. a4 Nd6 52. Rc6
Nc4+ 53. Ke2 g5 54. Rh6 Be8 55. Ra6 Kc5 56. Ra8 Nd6 57. Rd8 Bxa4 58. Rg8 Nf7
59. Rf8 Nd6 60. Rg8 Nf7 61. Kd3 Bb5+ 62. Kc3 Bf1 63. Rg7 Bxg2 64. Rxf7 Bxf3 65.
Kd3 g4 66. hxg4 Bxg4 67. Rf6 Bd7 68. Ke2 Kd4 69. Kf3 Ba4 70. d6 Bd1+ 71. Kf2
Bg4 72. Rf7 Kxe4 73. d7 Bxd7 74. Rxd7 Kf5 75. Ra7 e4 76. Ra5+ Kg4 77. Ra8 Kf5
78. Kg2 Kg4 79. Ra4 Kf5 80. Ra8 Kg4 81. Rg8+ Kf5 1/2-1/2

[Event "Int. Stuttgarter Stadtmeisterschaft B"]
[Site "Ditzingen"]
[Date "2012.05.19"]
[Round "6.41"]
[White "Boschmann, Werner"]
[Black "Thren, Christian"]
[Result "1-0"]
[WhiteElo "1686"]
[BlackElo "1518"]
[PlyCount "49"]
[EventDate "2012.??.??"]

1. e4 d5 2. exd5 Nf6 3. d4 Nxd5 4. c4 Nb6 5. Nf3 Bg4 6. Be2 g6 7. Be3 c6 8.
Nbd2 Bg7 9. O-O O-O 10. h3 Bxf3 11. Nxf3 N8d7 12. Qb3 Qc7 13. Rac1 c5 14. Rfd1
cxd4 15. Bxd4 Nc5 16. Qe3 Bxd4 17. Rxd4 Ne6 18. Rh4 Ng7 19. Qh6 f6 20. Qxh7+
Kf7 21. Bd3 f5 22. Ng5+ Kf6 23. Rh6 Kxg5 24. Qxg6+ Kf4 25. Qg3# 1-0

[Event "Int. Stuttgarter Stadtmeisterschaft B"]
[Site "Ditzingen"]
[Date "2012.05.19"]
[Round "6.42"]
[White "Beyer, Andre"]
[Black "Kuhn, Magnus"]
[Result "1/2-1/2"]
[WhiteElo "1417"]
[BlackElo "1658"]
[PlyCount "49"]
[EventDate "2012.??.??"]

1. d4 d5 2. e4 dxe4 3. Nc3 e6 4. f3 e3 5. Bxe3 Nf6 6. Bd3 Be7 7. Nge2 O-O 8.
O-O Nbd7 9. Qe1 Re8 10. Ng3 Nb6 11. Qf2 Nbd5 12. Nxd5 Nxd5 13. Bd2 Bd7 14. a3
Rc8 15. c4 Nb6 16. Kh1 c5 17. Be3 cxd4 18. Bxd4 Nxc4 19. Bxa7 Ba4 20. Bxc4 Rxc4
21. Rfc1 Qc7 22. Rxc4 Qxc4 23. Ne4 Rc8 24. Nc3 Bf6 25. Rc1 1/2-1/2

[Event "Int. Stuttgarter Stadtmeisterschaft B"]
[Site "Ditzingen"]
[Date "2012.05.19"]
[Round "6.43"]
[White "Dallinger, Moritz"]
[Black "Debeljak, Anton"]
[Result "1-0"]
[WhiteElo "1547"]
[BlackElo "1650"]
[PlyCount "117"]
[EventDate "2012.??.??"]

1. e4 e5 2. Nf3 Nc6 3. Bb5 Bc5 4. O-O Nge7 5. Re1 a6 6. Ba4 O-O 7. d3 d6 8. c3
Bg4 9. h3 Bh5 10. Nbd2 Qc8 11. Nf1 Nd8 12. Ng3 Bxf3 13. Qxf3 b5 14. Bb3 a5 15.
Nf5 Ng6 16. h4 Qd7 17. Bg5 Ne6 18. Be3 a4 19. Bc2 Qd8 20. Qg3 Ne7 21. Bxc5 Nxf5
22. exf5 Nxc5 23. Qh3 Nd7 24. g4 Nf6 25. Qf3 Kh8 26. g5 Ng8 27. Qg4 Qc8 28. f3
g6 29. f6 Qxg4+ 30. fxg4 c5 31. Rad1 Rfe8 32. Kf2 Ra6 33. Rd2 d5 34. Rde2 Rae6
35. b3 a3 36. c4 dxc4 37. dxc4 bxc4 38. bxc4 h5 39. Kg3 Rb8 40. Rxe5 Rd6 41.
Re8 Rb2 42. Bb3 Rdd2 43. Rg1 Rd3+ 44. Kf4 Rf2+ 45. Ke4 Rdd2 46. Rf8 Rfe2+ 47.
Kf3 hxg4+ 48. Kxg4 Rd4+ 49. Kh3 Ree4 50. Rg3 Rxh4+ 51. Kg2 Rd2+ 52. Kg1 Rb2 53.
Rxf7 Rb1+ 54. Kg2 Rb2+ 55. Kf3 Rd2 56. Rf8 Rd3+ 57. Kg2 Rd2+ 58. Kg1 Rdh2 59.
f7 1-0

[Event "Int. Stuttgarter Stadtmeisterschaft B"]
[Site "Ditzingen"]
[Date "2012.05.19"]
[Round "6.44"]
[White "Gheng, Dominik"]
[Black "Reinhold, Nils"]
[Result "1-0"]
[WhiteElo "1648"]
[BlackElo "1349"]
[PlyCount "115"]
[EventDate "2012.??.??"]

1. e4 e5 2. Nf3 Nc6 3. Bb5 a6 4. Ba4 Nf6 5. O-O b5 6. Bb3 Bb7 7. c3 d5 8. exd5
Nxd5 9. Re1 f6 10. d4 Nb6 11. dxe5 Qxd1 12. Bxd1 O-O-O 13. exf6 gxf6 14. Bf4
Nd5 15. Bg3 Bd6 16. Bb3 Ne5 17. Bxe5 fxe5 18. Nxe5 Rhe8 19. Nf3 Rg8 20. Nbd2 a5
21. a4 b4 22. cxb4 Bxb4 23. Re5 Rg7 24. Ne4 Nf4 25. Rg5 Rxg5 26. Nexg5 h6 27.
Ne6 Nxe6 28. Bxe6+ Kb8 29. Bg4 Rg8 30. h3 Bd6 31. Re1 Rd8 32. Re6 Bf4 33. g3
Rd1+ 34. Kg2 Bc1 35. Re5 Bxb2 36. Rxa5 Rd4 37. Rb5 Ba3 38. a5 Ka7 39. Rxb7+
Kxb7 40. Nxd4 c5 41. Nc2 Bb4 42. Nxb4 cxb4 43. Be6 Ka6 44. f4 Kxa5 45. f5 Kb6
46. f6 h5 47. f7 b3 48. Bxb3 h4 49. f8=Q hxg3 50. Qc8 Ka5 51. Kxg3 Kb6 52. Kf4
Ka5 53. Ke5 Kb6 54. Kd6 Ka5 55. Qc5+ Ka6 56. Bc4+ Kb7 57. Qc7+ Ka8 58. Bd5# 1-0

[Event "Int. Stuttgarter Stadtmeisterschaft B"]
[Site "Ditzingen"]
[Date "2012.05.19"]
[Round "6.45"]
[White "Bohun, Roland"]
[Black "Drapkin, Marc"]
[Result "0-1"]
[WhiteElo "1437"]
[BlackElo "1793"]
[PlyCount "58"]
[EventDate "2012.??.??"]

1. d4 Nf6 2. e3 e6 3. Nf3 Nc6 4. a3 d6 5. Nbd2 g6 6. b4 Bg7 7. Bb2 O-O 8. Bd3
Re8 9. c4 a6 10. Qc2 e5 11. dxe5 Nxe5 12. Nxe5 dxe5 13. Ne4 Nxe4 14. Bxe4 c6
15. Rd1 Qh4 16. g3 Qg5 17. c5 f5 18. Bg2 f4 19. e4 fxg3 20. hxg3 Bg4 21. Rd6
Rad8 22. Qc4+ Kh8 23. Qf7 Rf8 24. Qxb7 Rxd6 25. cxd6 Qf6 26. O-O Qxd6 27. Qxa6
Qd2 28. Bc1 Qc2 29. Re1 Qxf2+ 0-1

[Event "Int. Stuttgarter Stadtmeisterschaft B"]
[Site "Ditzingen"]
[Date "2012.05.19"]
[Round "6.46"]
[White "Baumeister, Lukas"]
[Black "Grüneschild, Hildegard"]
[Result "1-0"]
[WhiteElo "1525"]
[BlackElo "1613"]
[PlyCount "65"]
[EventDate "2012.??.??"]

1. d4 Nf6 2. c4 g6 3. Nc3 Bg7 4. Nf3 d6 5. e4 O-O 6. Be2 Nbd7 7. O-O e5 8. d5
Nc5 9. Qc2 Nh5 10. Be3 f5 11. Nd2 f4 12. Bxc5 dxc5 13. a3 a6 14. b4 cxb4 15.
axb4 Bd7 16. Nb3 Qg5 17. f3 Qe7 18. c5 Rac8 19. Rfd1 Kh8 20. b5 axb5 21. Bxb5
Bxb5 22. Nxb5 Rfd8 23. Na5 Rb8 24. Na7 Bf8 25. Rdc1 Nf6 26. c6 Qb4 27. cxb7
Qb6+ 28. Qf2 Qxf2+ 29. Kxf2 Bd6 30. N7c6 Rg8 31. Rab1 Nd7 32. Nxb8 Nxb8 33. Nc6
1-0

[Event "Int. Stuttgarter Stadtmeisterschaft B"]
[Site "Ditzingen"]
[Date "2012.05.19"]
[Round "6.47"]
[White "Awiszus, Thomas"]
[Black "Wunder, Anton"]
[Result "1/2-1/2"]
[WhiteElo "1610"]
[BlackElo "1507"]
[PlyCount "87"]
[EventDate "2012.??.??"]

1. Nf3 Nf6 2. g3 d5 3. d4 e6 4. Bg2 c5 5. c4 Nc6 6. cxd5 Nxd5 7. Nc3 cxd4 8.
Nxd4 Bb4 9. Qd3 Qa5 10. Nxc6 bxc6 11. Bd2 O-O 12. a3 Rd8 13. Qc2 Bb7 14. O-O
Nxc3 15. Bxc3 Bxc3 16. bxc3 Rac8 17. Rfb1 Ba6 18. Rb4 Qe5 19. Bf3 Bb5 20. Re4
Qg5 21. Rd4 Rxd4 22. cxd4 Qf6 23. Qc5 Rd8 24. a4 Ba6 25. Qxc6 Qxd4 26. Rb1 Qc4
27. Qxc4 Bxc4 28. a5 g6 29. Rb7 a6 30. e3 Bb5 31. Ra7 Rc8 32. Ra8 Rxa8 33. Bxa8
Kg7 34. Kg2 Kf6 35. f4 e5 36. Kf3 Ke6 37. g4 exf4 38. Kxf4 f6 39. h4 Kd6 40. e4
Bc6 41. Bxc6 Kxc6 42. e5 fxe5+ 43. Kxe5 Kb5 44. Kd5 1/2-1/2

[Event "Int. Stuttgarter Stadtmeisterschaft B"]
[Site "Ditzingen"]
[Date "2012.05.19"]
[Round "6.48"]
[White "Kappus, Holger"]
[Black "Blum, Michael"]
[Result "1-0"]
[WhiteElo "1513"]
[BlackElo "1576"]
[PlyCount "71"]
[EventDate "2012.??.??"]

1. e4 c5 2. f4 d6 3. Bc4 e6 4. Nc3 a6 5. a4 Qc7 6. Nf3 Nc6 7. d3 Be7 8. O-O Nf6
9. Qe2 O-O 10. Kh1 b6 11. h3 Bb7 12. Bb3 Rac8 13. Qf2 Na5 14. Be3 Nxb3 15. cxb3
Nd7 16. g4 d5 17. Bd2 d4 18. Ne2 a5 19. Ng3 f6 20. Rac1 Ba6 21. Ne1 f5 22. gxf5
exf5 23. Nxf5 Rxf5 24. exf5 Rf8 25. Qe2 Bb7+ 26. Kh2 Nf6 27. b4 axb4 28. Qe6+
Kh8 29. Bxb4 Nd5 30. Bd2 Bc8 31. Qxd5 Rxf5 32. Qxd4 Bd6 33. Qf2 g5 34. Ng2 gxf4
35. Bxf4 Rh5 36. h4 1-0